000
00302 a2200121 4500
001
63708
040
_c
Anchieta - Pituba
240
1
0
_a
4ª Avaliação - Unidade III - Simulado ENEM
_l
por
245
1
0
_a
4ª Avaliação - Unidade III - Simulado ENEM
362
0
_a
2017
650
4
_a
Linguagem
942
_c
BK
999
_c
63708
_d
63708